000
00310 a2200145 4500
001
160191
020
_a
040
_c
Magnum
100
_a
Geempa
240
1
0
_a
Alfabetizacao em classes populares
_l
por
245
1
0
_a
Alfabetizacao em classes populares
362
0
_a
1899
697
_a
ENSINO
942
_c
BK
999
_c
160191
_d
160191